| 000 | 00464nam a2200157 i 4500 | ||
|---|---|---|---|
| 001 | 149966 | ||
| 003 | ES-MaACL | ||
| 005 | 20230906203328.0 | ||
| 007 | t| | ||
| 008 | 071025s1968 sp ||||1| spa d | ||
| 100 | 1 |
_aValle, Julián del. _9112768 |
|
| 245 | 1 | 0 |
_aMi calle _b: el Bilbao de principios de siglo / _cJulián del Valle. |
| 260 |
_aBilbao : _b[Librería Arturo], _c1968. |
||
| 300 |
_a275 p. : _bil. ; _c27 cm. |
||
| 852 |
_aES-MaACL _jC-35767 _bR.68137 |
||
| 999 |
_c149966 _d149966 |
||